Cargando...
Manual of Practical Microbiology and Parasitology
| Autor Principal: | |
|---|---|
| Formato: | Printed Book |
| Subjects: |
| LEADER | 00452 a2200097 4500 | ||
|---|---|---|---|
| 100 | |a Chakraborty,P | ||
| 245 | |a Manual of Practical Microbiology and Parasitology | ||
| 300 | |a 245 p. | ||
| 650 | |a Microbiology ,Parasitology | ||
| 999 | |c 279449 |d 279449 | ||
| 952 | |0 0 |1 0 |2 ddc |4 0 |6 616_904000000000000_CHA_M |7 0 |9 315764 |a CHS |b CHS |c ST1 |d 2010-08-13 |e BookShop, Publication Division , University of Calicut |g 0.00 |i 3705 |l 14 |o 616.904 CHA/M |p CHS3705 |r 2020-10-24 |s 2020-01-20 |w 2018-08-16 |y BK | ||